[Event "MCRE_O21"]
[Site "?"]
[Date "2004.??.??"]
[Round "?"]
[White "Hochman, Jan"]
[Black "Kratochvil, Jan"]
[Result "1-0"]
[WhiteElo "1800"]
[BlackElo "1800"]
[PlyCount "67"]
[EventDate "2004.??.??"]
[EventType "corr"]
[EventRounds "2"]
[SourceDate "2005.03.12"]

1. d4 d5 2. Nf3 Nc6 3. c4 Nf6 4. cxd5 Qxd5 5. Nc3 Qa5 6. Bd2 Qf5 7. h3 e5 8. e4
Nxe4 9. Bd3 Nxc3 10. Bxc3 Qe6 11. O-O Bd7 12. Be4 exd4 13. Bxc6 Qxc6 14. Re1+
Kd8 15. Ne5 Qd5 16. Qxd4 Qxd4 17. Nxf7+ Kc8 18. Bxd4 Rg8 19. a3 Kb8 20. Ng5 h5
21. Ne6 g6 22. Nxf8 Rxf8 23. Re7 Kc8 24. Rg7 Be8 25. Re1 b6 26. Ree7 Kb8 27.
Rxc7 Rf5 28. g4 hxg4 29. hxg4 Rf7 30. Rgxf7 Bxf7 31. Rxf7 a5 32. Rf8+ Ka7 33.
Rxa8+ Kxa8 34. Bxb6 1-0

[Event "MCRE_O21"]
[Site "?"]
[Date "2004.??.??"]
[Round "?"]
[White "Hochman, Jan"]
[Black "Mateka, Petr"]
[Result "0-1"]
[WhiteElo "1800"]
[BlackElo "1970"]
[PlyCount "66"]
[EventDate "2004.??.??"]
[EventType "corr"]
[EventRounds "2"]
[SourceDate "2005.03.12"]

1. d4 Nf6 2. c4 e6 3. g3 Bb4+ 4. Bd2 Qe7 5. Bg2 Nc6 6. Nf3 O-O 7. O-O d5 8. Bg5
dxc4 9. Qc1 e5 10. Qxc4 Be6 11. Bxf6 Bxc4 12. Bxe7 Bxe7 13. Nxe5 Nxe5 14. dxe5
Bxe2 15. Re1 Bg4 16. Nc3 c6 17. Ne4 Rfd8 18. h3 Be6 19. Rad1 Bb4 20. Rf1 Rxd1
21. Rxd1 Bxa2 22. f4 Bd5 23. Nd6 Bb3 24. Ra1 Rb8 25. Kh2 a5 26. g4 a4 27. Bf3
Rd8 28. Bd1 Bxd1 29. Rxd1 f6 30. Rd4 fxe5 31. fxe5 Bxd6 32. exd6 b5 33. Kg3 Kf7
0-1

[Event "MCRE_O21"]
[Site "?"]
[Date "2004.??.??"]
[Round "?"]
[White "Hochman, Jan"]
[Black "Novak, Vaclav"]
[Result "1/2-1/2"]
[WhiteElo "1800"]
[BlackElo "1860"]
[PlyCount "99"]
[EventDate "2004.??.??"]
[EventType "corr"]
[EventRounds "2"]
[SourceDate "2005.03.12"]

1. d4 Nf6 2. c4 g6 3. Nc3 d6 4. Nf3 Bg7 5. g3 O-O 6. Bg2 Nbd7 7. O-O e5 8. e4
c6 9. h3 Qb6 10. Re1 exd4 11. Nxd4 Ne8 12. Nf3 Ne5 13. Nxe5 dxe5 14. Be3 Qxb2
15. Qb3 Qxb3 16. axb3 Nc7 17. Bxa7 Be6 18. Bb6 Rxa1 19. Rxa1 Na6 20. Ne2 f5 21.
Rd1 Kf7 22. Kh2 Ra8 23. Ra1 Nc7 24. Rxa8 Nxa8 25. Bc5 Nc7 26. f4 Ne8 27. fxe5
Bxe5 28. exf5 Bxf5 29. Bd4 Kf6 30. Be3 Nd6 31. Kg1 Bc2 32. Nd4 Bxd4 33. Bxd4+
Ke6 34. Kf2 Bxb3 35. c5 Nf5 36. Bc3 Bd5 37. Bf1 Bb3 38. Bg2 h5 39. Be4 Ne7 40.
Bb2 g5 41. h4 Bd5 42. Bd3 gxh4 43. gxh4 Bh1 44. Bd4 Nd5 45. Kg3 Nc7 46. Bg6 Kd5
47. Bg1 Ne6 48. Bf7 Be4 49. Be3 Bf5 50. Bxe6+ 1/2-1/2

[Event "MCRE_O21"]
[Site "?"]
[Date "2004.??.??"]
[Round "?"]
[White "Hochman, Jan"]
[Black "Slechta, Vladimir"]
[Result "1/2-1/2"]
[WhiteElo "1800"]
[BlackElo "1923"]
[PlyCount "77"]
[EventDate "2004.??.??"]
[EventType "corr"]
[EventRounds "2"]
[SourceDate "2005.03.12"]

1. d4 d5 2. Nf3 Nf6 3. g3 Bf5 4. Bg2 h6 5. O-O e6 6. c4 c6 7. b3 Nbd7 8. Bb2
Be7 9. Nc3 O-O 10. Ne5 Qc7 11. Nxd7 Qxd7 12. e3 Rad8 13. Qe2 Qc7 14. Rfd1 Rfe8
15. Rac1 Bg6 16. a3 Bh5 17. f3 Qb6 18. b4 dxc4 19. Qxc4 Nd5 20. Re1 Qc7 21. Ne4
Bg6 22. Nc5 Bf6 23. Ne4 Be7 24. Nc5 Nb6 25. Qe2 Bxc5 26. bxc5 Nd5 27. e4 Ne7
28. Qc4 Kh7 29. Qc3 f6 30. Rcd1 Bf7 31. f4 Rd7 32. h3 Red8 33. Qf3 Kg8 34. Kh2
b6 35. Rc1 b5 36. Rcd1 a5 37. Bc3 Bg6 38. Qe3 a4 39. Bf3 1/2-1/2

[Event "MCRE_O21"]
[Site "?"]
[Date "2004.??.??"]
[Round "?"]
[White "Hochman, Jan"]
[Black "Spicka, Zdenek"]
[Result "1/2-1/2"]
[WhiteElo "1800"]
[BlackElo "1800"]
[PlyCount "59"]
[EventDate "2004.??.??"]
[EventType "corr"]
[EventRounds "2"]
[SourceDate "2005.03.12"]

1. d4 Nf6 2. c4 e6 3. g3 d5 4. Bg2 dxc4 5. Nf3 Bb4+ 6. Bd2 Bxd2+ 7. Nbxd2 b5 8.
a4 c6 9. O-O Bb7 10. Qc2 O-O 11. b3 cxb3 12. Nxb3 Nbd7 13. Ne5 Nxe5 14. dxe5
Nd5 15. Rfd1 Qb6 16. a5 Qc7 17. Qc5 a6 18. e4 Ne7 19. Qd6 Rfc8 20. Nc5 Ng6 21.
f4 Nf8 22. Kf2 Rab8 23. Qxc7 Rxc7 24. Rd6 g5 25. Rad1 gxf4 26. gxf4 Re8 27. Ke3
Bc8 28. h4 Ng6 29. h5 Ne7 30. Bf3 1/2-1/2

[Event "MCRE_O21"]
[Site "?"]
[Date "2004.??.??"]
[Round "?"]
[White "Hochman, Jan"]
[Black "Tucek, Richard"]
[Result "1-0"]
[WhiteElo "1800"]
[BlackElo "1800"]
[PlyCount "59"]
[EventDate "2004.??.??"]
[EventType "corr"]
[EventRounds "2"]
[SourceDate "2005.03.12"]

1. d4 Nf6 2. c4 e6 3. g3 Bb4+ 4. Bd2 Qe7 5. Bg2 d5 6. Nf3 O-O 7. O-O Bxd2 8.
Nbxd2 dxc4 9. Nxc4 c5 10. dxc5 Qxc5 11. Rc1 Qe7 12. Qd6 Qxd6 13. Nxd6 Nbd7 14.
Rfd1 Rb8 15. Rc7 Nd5 16. Nxc8 Nxc7 17. Ne7+ Kh8 18. Rxd7 Nd5 19. Nxd5 exd5 20.
Ng5 Kg8 21. Bxd5 Rfd8 22. Bxf7+ Kh8 23. Rxd8+ Rxd8 24. e4 Rd1+ 25. Kg2 Rd2 26.
e5 Rxb2 27. e6 Re2 28. Kf1 Re5 29. f4 Re3 30. Kf2 1-0

[Event "MCRE_O21"]
[Site "?"]
[Date "2004.??.??"]
[Round "?"]
[White "Kratochvil, Jan"]
[Black "Hochman, Jan"]
[Result "0-1"]
[WhiteElo "1800"]
[BlackElo "1800"]
[PlyCount "118"]
[EventDate "2004.??.??"]
[EventType "corr"]
[EventRounds "2"]
[SourceDate "2005.03.12"]

1. c4 c6 2. e4 d5 3. e5 dxc4 4. Bxc4 Qd4 5. Qc2 Bg4 6. f3 Bf5 7. e6 Bxe6 8.
Bxe6 fxe6 9. d3 Nf6 10. Be3 Qh4+ 11. Bf2 Qb4+ 12. Nc3 Nd5 13. a3 Qa5 14. Qd2
Nd7 15. Nge2 g6 16. Nd4 Kf7 17. O-O Bg7 18. Rfe1 e5 19. Nb3 Qd8 20. Ne4 h6 21.
Rac1 Rf8 22. Na5 Qc7 23. b4 a6 24. Nc4 Kg8 25. Bg3 Nf4 26. Nf2 Rad8 27. Qe3 Nf6
28. Bxf4 exf4 29. Qxe7 Nd5 30. Qxc7 Nxc7 31. Re7 Rf7 32. Rxf7 Kxf7 33. Ne4 Rxd3
34. Kf1 Ke7 35. Nc5 Rc3 36. Rxc3 Bxc3 37. Nxb7 Bd4 38. Nca5 Kd7 39. Nb3 Bb2 40.
N3c5+ Ke7 41. a4 Bc3 42. Na5 Bxb4 43. Nxc6+ Kd6 44. Nxb4 Kxc5 45. Nd3+ Kb6 46.
Nxf4 g5 47. Nh5 Ka5 48. Ng7 Kxa4 49. g4 a5 50. Ke2 Kb3 51. Nf5 a4 52. Kd1 a3
53. Kc1 a2 54. Nd4+ Kc3 55. Ne2+ Kd3 56. Kb2 Kxe2 57. Kxa2 Kxf3 58. h3 Kg3 59.
Kb3 Kxh3 0-1

[Event "MCRE_O21"]
[Site "?"]
[Date "2004.??.??"]
[Round "?"]
[White "Kratochvil, Jan"]
[Black "Mateka, Petr"]
[Result "0-1"]
[WhiteElo "1800"]
[BlackElo "1970"]
[PlyCount "72"]
[EventDate "2004.??.??"]
[EventType "corr"]
[EventRounds "2"]
[SourceDate "2005.03.12"]

1. c4 Nf6 2. d4 e6 3. Nf3 Bb4+ 4. Nbd2 O-O 5. Qb3 a5 6. a3 Bxd2+ 7. Bxd2 b6 8.
Bg5 Bb7 9. Nd2 h6 10. Bh4 d6 11. e4 g5 12. e5 dxe5 13. dxe5 gxh4 14. exf6 Qxf6
15. Be2 Rd8 16. Nf3 Na6 17. Qc3 Qxc3+ 18. bxc3 Rd6 19. Nxh4 Nc5 20. O-O Rad8
21. Rac1 Rd2 22. Rfd1 R8d7 23. Kf1 Ra2 24. Rxd7 Nxd7 25. Nf3 Bxf3 26. Bxf3 Rxa3
27. Ke1 Nc5 28. Rc2 Ra1+ 29. Kd2 Kg7 30. g4 a4 31. Ke3 a3 32. h4 Na4 33. c5 Nb2
34. cxb6 cxb6 35. g5 hxg5 36. h5 Rb1 0-1

[Event "MCRE_O21"]
[Site "?"]
[Date "2004.??.??"]
[Round "?"]
[White "Kratochvil, Jan"]
[Black "Novak, Vaclav"]
[Result "0-1"]
[WhiteElo "1800"]
[BlackElo "1860"]
[PlyCount "76"]
[EventDate "2004.??.??"]
[EventType "corr"]
[EventRounds "2"]
[SourceDate "2005.03.12"]

1. e4 g6 2. Nf3 Bg7 3. Nc3 d6 4. d4 c6 5. Bd3 Nf6 6. Bg5 h6 7. Be3 Ng4 8. Bd2
e5 9. dxe5 Nxe5 10. Nxe5 Bxe5 11. O-O O-O 12. Qc1 Kh7 13. f3 f5 14. Rb1 Be6 15.
a4 Nd7 16. exf5 Bxf5 17. Bxf5 Rxf5 18. Qe1 d5 19. Kh1 Qf8 20. Rd1 Re8 21. Qf2
Nc5 22. Be3 b6 23. Bd4 Bxd4 24. Rxd4 Rfe5 25. a5 Ne6 26. Ra4 Qc5 27. Qxc5 bxc5
28. Raa1 Nd4 29. Rac1 Kg7 30. a6 Kf6 31. f4 Re3 32. g3 Rb8 33. Na4 c4 34. Rfd1
Nf3 35. Kg2 Rbe8 36. Nc3 d4 37. Na4 Re2+ 38. Kf1 Nxh2+ 0-1

[Event "MCRE_O21"]
[Site "?"]
[Date "2004.??.??"]
[Round "?"]
[White "Kratochvil, Jan"]
[Black "Slechta, Vladimir"]
[Result "1-0"]
[WhiteElo "1800"]
[BlackElo "1923"]
[PlyCount "125"]
[EventDate "2004.??.??"]
[EventType "corr"]
[EventRounds "2"]
[SourceDate "2005.03.12"]

1. e4 e5 2. Nf3 Nc6 3. Bc4 Nf6 4. Ng5 d5 5. exd5 Na5 6. Bb5+ c6 7. dxc6 bxc6 8.
Qf3 Qd5 9. Qxd5 Nxd5 10. Be2 Nf4 11. Bf3 f6 12. g3 Nd5 13. Ne4 f5 14. Nec3 e4
15. Be2 Nb4 16. Na3 Be6 17. O-O Rd8 18. Rd1 Nd5 19. Nxd5 Bxd5 20. d3 Be7 21.
Bf4 Rd7 22. Bd2 Nb7 23. dxe4 fxe4 24. Bg4 Rd8 25. Be3 h5 26. Be2 a5 27. Bb6 Rd7
28. Nc4 Bf6 29. c3 a4 30. Be3 Bxc4 31. Bxc4 a3 32. Rxd7 Kxd7 33. Rd1+ Ke7 34.
bxa3 Bxc3 35. Bb3 Be5 36. Bc2 Nd6 37. Bc5 Ke6 38. Bxd6 Bxd6 39. Bxe4 Rc8 40.
Bf3 g6 41. a4 Bb4 42. h4 c5 43. Bd5+ Ke7 44. Be4 Kf6 45. Rd5 c4 46. Rg5 c3 47.
Rxg6+ Ke7 48. Bc2 Rd8 49. Rg7+ Kf6 50. Rc7 Rd2 51. Rc6+ Ke7 52. Bb3 Kd7 53. Rc4
Ba5 54. Kg2 Kd6 55. a3 Rb2 56. Bd1 Kd5 57. Rc8 Kd6 58. Bxh5 c2 59. Bg6 Bc7 60.
Bxc2 Rxc2 61. h5 Kd7 62. Rg8 Bb6 63. Rf8 1-0

[Event "MCRE_O21"]
[Site "?"]
[Date "2004.??.??"]
[Round "?"]
[White "Kratochvil, Jan"]
[Black "Spicka, Zdenek"]
[Result "0-1"]
[WhiteElo "1800"]
[BlackElo "1800"]
[PlyCount "70"]
[EventDate "2004.??.??"]
[EventType "corr"]
[EventRounds "2"]
[SourceDate "2005.03.12"]

1. c4 Nf6 2. Nf3 e6 3. Nc3 Bb4 4. a3 Bxc3 5. dxc3 h6 6. Qa4 O-O 7. g4 Ne4 8.
Rg1 b6 9. g5 h5 10. g6 f5 11. Bg5 Qe8 12. Qd1 d6 13. e3 Nd7 14. Nh4 Nxg5 15.
Qxh5 Nf6 16. Qxg5 Qa4 17. Bd3 Qb3 18. Rb1 Bb7 19. h3 Be4 20. Bxe4 fxe4 21. Kf1
Qxc4+ 22. Kg2 a5 23. Rgc1 a4 24. Rc2 Ra5 25. Qg3 Rh5 26. Rd2 Qc5 27. Kh1 Rh6
28. Ng2 Qf5 29. h4 Rxg6 30. Qf4 Qh5 31. b3 e5 32. Qh2 Ng4 33. Qg1 Rf3 34. Qf1
Rh3+ 35. Kg1 Nh2 0-1

[Event "MCRE_O21"]
[Site "?"]
[Date "2004.??.??"]
[Round "?"]
[White "Kratochvil, Jan"]
[Black "Tucek, Richard"]
[Result "1/2-1/2"]
[WhiteElo "1800"]
[BlackElo "1800"]
[PlyCount "135"]
[EventDate "2004.??.??"]
[EventType "corr"]
[EventRounds "2"]
[SourceDate "2005.03.12"]

1. c4 e6 2. Nc3 c5 3. Nf3 Nf6 4. d4 cxd4 5. Nxd4 Nc6 6. Ndb5 a6 7. Nd6+ Bxd6 8.
Qxd6 Qe7 9. Bf4 Nh5 10. Qxe7+ Kxe7 11. Bc7 Nf6 12. e4 d5 13. exd5 exd5 14.
Nxd5+ Nxd5 15. cxd5 Nb4 16. O-O-O Bf5 17. d6+ Kd7 18. Bc4 Be6 19. Bxe6+ fxe6
20. Kb1 Rae8 21. Rc1 e5 22. f4 Rhf8 23. Rhd1 Rxf4 24. Bb6 Nc6 25. Bc5 e4 26.
Re1 e3 27. Rxe3 Rxe3 28. Bxe3 Re4 29. Bc5 Re2 30. Rg1 Ne5 31. b3 Nf7 32. h3
Nxd6 33. Rd1 Re6 34. g4 Kc6 35. Rc1 Kd5 36. Bb4 Ne8 37. Rc5+ Ke4 38. a4 Rc6 39.
Rxc6 bxc6 40. Kb2 Nf6 41. Bc3 Kf4 42. Be1 Nxg4 43. hxg4 Kxg4 44. Kc3 g5 45. Kb4
Kf3 46. Ka5 h5 47. Kxa6 h4 48. Bc3 h3 49. Be5 g4 50. Kb7 g3 51. a5 h2 52. a6
h1=Q 53. a7 Qh7+ 54. Bc7 Qb1 55. a8=Q Qxb3+ 56. Kxc6 Kg2 57. Kc5+ Qf3 58. Qg8
Qf5+ 59. Kc6 Qe4+ 60. Kb6 Qb4+ 61. Ka7 Qa4+ 62. Kb7 Qb5+ 63. Bb6 Qd7+ 64. Kb8
Qd6+ 65. Bc7 Qb4+ 66. Kc8 Qc3 67. Qg4 Qf3 68. Qg6 1/2-1/2

[Event "MCRE_O21"]
[Site "?"]
[Date "2004.??.??"]
[Round "?"]
[White "Mateka, Petr"]
[Black "Hochman, Jan"]
[Result "1-0"]
[WhiteElo "1970"]
[BlackElo "1800"]
[PlyCount "83"]
[EventDate "2004.??.??"]
[EventType "corr"]
[EventRounds "2"]
[SourceDate "2005.03.12"]

1. e4 c6 2. d4 d5 3. Nc3 dxe4 4. Nxe4 Nd7 5. Bc4 Ngf6 6. Ng5 e6 7. Qe2 Nb6 8.
Bb3 h6 9. N5f3 c5 10. Bf4 Nbd5 11. Be5 Qa5+ 12. Nd2 b5 13. Bxd5 Nxd5 14. Ngf3
c4 15. c3 Bb7 16. O-O Qb6 17. Rfe1 Bd6 18. Ne4 Bxe5 19. Nxe5 Rd8 20. a4 a6 21.
axb5 axb5 22. Qf3 O-O 23. Nc5 Bc8 24. Ra8 Qc7 25. Rea1 f6 26. Qg3 fxe5 27. R8a7
Nf4 28. Rxc7 Ne2+ 29. Kf1 Nxg3+ 30. hxg3 Rf7 31. Rxf7 Kxf7 32. dxe5 Kg6 33. Ra8
Kf5 34. f4 g5 35. Ke2 h5 36. Nb7 Bxb7 37. Rxd8 gxf4 38. Rf8+ Kxe5 39. gxf4+ Kd6
40. g3 Be4 41. Ke3 Bd3 42. Rd8+ 1-0

[Event "MCRE_O21"]
[Site "?"]
[Date "2004.??.??"]
[Round "?"]
[White "Mateka, Petr"]
[Black "Kratochvil, Jan"]
[Result "1-0"]
[WhiteElo "1970"]
[BlackElo "1800"]
[PlyCount "57"]
[EventDate "2004.??.??"]
[EventType "corr"]
[EventRounds "2"]
[SourceDate "2005.03.12"]

1. e4 c5 2. Nf3 Nc6 3. d4 cxd4 4. Nxd4 Nf6 5. Nc3 d6 6. Bc4 Qb6 7. Be3 Qxb2 8.
Ndb5 Qb4 9. Bd3 Qa5 10. Rb1 Ne5 11. Bd2 Qd8 12. O-O a6 13. Nd4 Nxd3 14. cxd3 e5
15. Nf5 d5 16. Bg5 d4 17. Nd5 Bxf5 18. Rxb7 Bg4 19. Qb3 Be7 20. Rxe7+ Qxe7 21.
Nxe7 Kxe7 22. Qb7+ Bd7 23. Qb4+ Ke8 24. Bc1 a5 25. Qd6 Kd8 26. Ba3 Ne8 27. Qe7+
Kc8 28. Rc1+ Nc7 29. Qc5 1-0

[Event "MCRE_O21"]
[Site "?"]
[Date "2004.??.??"]
[Round "?"]
[White "Mateka, Petr"]
[Black "Novak, Vaclav"]
[Result "0-1"]
[WhiteElo "1970"]
[BlackElo "1860"]
[PlyCount "77"]
[EventDate "2004.??.??"]
[EventType "corr"]
[EventRounds "2"]
[SourceDate "2005.03.12"]

1. e4 c5 2. Nf3 e6 3. d4 cxd4 4. Nxd4 a6 5. Nc3 Qc7 6. Bd3 Nf6 7. O-O Bc5 8.
Nb3 Be7 9. f4 d6 10. a4 Nc6 11. a5 O-O 12. Be3 Nb4 13. Bb6 Qb8 14. Qf3 d5 15.
exd5 Nfxd5 16. Nxd5 Nxd5 17. Bd4 Bd6 18. g3 Nb4 19. Rad1 Nxd3 20. Qxd3 e5 21.
Bb6 Be7 22. fxe5 Bh3 23. Rfe1 Re8 24. Qe4 Qc8 25. c3 Bf5 26. Qg2 Bg4 27. Rd2 h6
28. Rf2 Qd7 29. Qe4 Rab8 30. Rd2 Qc8 31. Nd4 Bf6 32. Qd5 Re7 33. Bc5 Re8 34.
Bd6 Qd7 35. Nb3 Rbc8 36. Nc5 Qc6 37. b4 Bd8 38. Kg2 b6 39. axb6 0-1

[Event "MCRE_O21"]
[Site "?"]
[Date "2004.??.??"]
[Round "?"]
[White "Mateka, Petr"]
[Black "Slechta, Vladimir"]
[Result "1/2-1/2"]
[WhiteElo "1970"]
[BlackElo "1923"]
[PlyCount "85"]
[EventDate "2004.??.??"]
[EventType "corr"]
[EventRounds "2"]
[SourceDate "2005.03.12"]

1. e4 e5 2. Nf3 Nc6 3. Bb5 a6 4. Ba4 Nf6 5. O-O Be7 6. Re1 b5 7. Bb3 d6 8. c3
O-O 9. h3 Na5 10. Bc2 c5 11. d4 Qc7 12. Nbd2 cxd4 13. cxd4 Bd7 14. Nf1 Rac8 15.
Ne3 Rfe8 16. b3 Nc6 17. Bb2 Qb7 18. a3 Bd8 19. Rc1 a5 20. dxe5 dxe5 21. Bd3 b4
22. axb4 axb4 23. Bc4 Be6 24. Nd5 Nd7 25. Qe2 Qb8 26. Bb5 Nd4 27. Nxd4 Rxc1 28.
Rxc1 exd4 29. Bxd7 Bxd7 30. Rc4 f5 31. Rxb4 Qe5 32. Qc4 Be6 33. Qxd4 Qxd4 34.
Rxd4 Bf7 35. exf5 Re1+ 36. Kh2 Rb1 37. Ba3 Rxb3 38. Ne7+ Bxe7 39. Bxe7 Be8 40.
f6 Rb7 41. g4 Kf7 42. g5 Bc6 43. Rd6 1/2-1/2

[Event "MCRE_O21"]
[Site "?"]
[Date "2004.??.??"]
[Round "?"]
[White "Mateka, Petr"]
[Black "Spicka, Zdenek"]
[Result "1-0"]
[WhiteElo "1970"]
[BlackElo "1800"]
[PlyCount "97"]
[EventDate "2004.??.??"]
[EventType "corr"]
[EventRounds "2"]
[SourceDate "2005.03.12"]

1. e4 e5 2. Nf3 Nf6 3. Nxe5 d6 4. Nf3 Nxe4 5. Qe2 Qe7 6. d3 Nf6 7. Nc3 Bg4 8.
Be3 Nc6 9. d4 d5 10. O-O-O O-O-O 11. h3 Bf5 12. g4 Be4 13. Bg2 Nb4 14. g5 Ne8
15. Nxe4 dxe4 16. Nd2 Nxa2+ 17. Kb1 Nb4 18. Nxe4 Qe6 19. Qg4 Qxg4 20. hxg4 Nd5
21. Rh3 Nxe3 22. fxe3 Nd6 23. Rf1 Rd7 24. Nxd6+ Bxd6 25. Bd5 Re7 26. Rxf7 c6
27. Bb3 Rxf7 28. Bxf7 Be7 29. Rh5 Kd7 30. Bg6 h6 31. gxh6 Rxh6 32. Bf5+ Kd6 33.
e4 c5 34. c3 Rxh5 35. gxh5 b5 36. Kc2 a5 37. e5+ Kd5 38. Kd3 c4+ 39. Ke3 Bg5+
40. Kf3 Bc1 41. Be4+ Ke6 42. Bc6 b4 43. Ke4 Bxb2 44. d5+ Kf7 45. cxb4 axb4 46.
d6 Ke6 47. Bd5+ Kd7 48. Bxc4 Bc3 49. Kf5 1-0

[Event "MCRE_O21"]
[Site "?"]
[Date "2004.??.??"]
[Round "?"]
[White "Mateka, Petr"]
[Black "Tucek, Richard"]
[Result "1-0"]
[WhiteElo "1970"]
[BlackElo "1800"]
[PlyCount "73"]
[EventDate "2004.??.??"]
[EventType "corr"]
[EventRounds "2"]
[SourceDate "2005.03.12"]

1. e4 e6 2. d4 d5 3. Nc3 dxe4 4. Nxe4 Nd7 5. Nf3 Ngf6 6. Nxf6+ Nxf6 7. Bd3 Be7
8. O-O O-O 9. c3 c5 10. dxc5 Bxc5 11. Bg5 b6 12. Qc2 h6 13. Bh7+ Kh8 14. Rfd1
Qc7 15. Bxf6 gxf6 16. b4 Be7 17. Be4 Bb7 18. Bxb7 Qxb7 19. Rd3 Rad8 20. Nd4 Rg8
21. g3 f5 22. Rad1 f4 23. Qe2 fxg3 24. fxg3 Bf6 25. a3 Qd5 26. Qf2 Bxd4 27.
Rxd4 Qg5 28. Qxf7 Rxd4 29. cxd4 Qe3+ 30. Qf2 Qxa3 31. Qf4 Kh7 32. Qe4+ Rg6 33.
Rf1 Kg7 34. d5 Qb3 35. Qe5+ Kg8 36. Rc1 Qxb4 37. Rc8+ 1-0

[Event "MCRE_O21"]
[Site "?"]
[Date "2004.??.??"]
[Round "?"]
[White "Novak, Vaclav"]
[Black "Hochman, Jan"]
[Result "1-0"]
[WhiteElo "1860"]
[BlackElo "1800"]
[PlyCount "91"]
[EventDate "2004.??.??"]
[EventType "corr"]
[EventRounds "2"]
[SourceDate "2005.03.12"]

1. e4 c6 2. d4 d5 3. e5 Bf5 4. Nc3 e6 5. g4 Bg6 6. Nge2 c5 7. h4 h5 8. Nf4 Bh7
9. Nxh5 cxd4 10. Nb5 Nc6 11. Nxd4 Nge7 12. c3 Nxe5 13. Bb5+ N5c6 14. Bg5 Qb6
15. Qe2 a6 16. Ba4 Rg8 17. O-O-O O-O-O 18. Nxc6 bxc6 19. Rhe1 Rd7 20. Rd4 Qa5
21. Bb3 c5 22. Ra4 Qb5 23. Rxa6 Bd3 24. Ra8+ Kb7 25. Qd1 Kxa8 26. Ba4 Qc4 27.
Bxd7 Bg6 28. Qa4+ Qxa4 29. Bxa4 Bxh5 30. gxh5 Nf5 31. Bc2 Nd6 32. Rg1 Rh8 33.
h6 g6 34. h5 Bxh6 35. Bxh6 Rxh6 36. hxg6 fxg6 37. Rxg6 Rxg6 38. Bxg6 e5 39. b4
cxb4 40. cxb4 Ka7 41. a4 Kb6 42. Kc2 Kc6 43. Kc3 Kb6 44. Bd3 Kc6 45. f3 Kb7 46.
a5 1-0

[Event "MCRE_O21"]
[Site "?"]
[Date "2004.??.??"]
[Round "?"]
[White "Novak, Vaclav"]
[Black "Kratochvil, Jan"]
[Result "1-0"]
[WhiteElo "1860"]
[BlackElo "1800"]
[PlyCount "117"]
[EventDate "2004.??.??"]
[EventType "corr"]
[EventRounds "2"]
[SourceDate "2005.03.12"]

1. e4 c5 2. Nf3 Nc6 3. d4 cxd4 4. Nxd4 d5 5. Bb5 dxe4 6. O-O Bd7 7. Nxc6 bxc6
8. Ba4 Nf6 9. Nc3 e6 10. Bg5 Qb8 11. Bxf6 gxf6 12. Qd4 Qe5 13. Qxe5 fxe5 14.
Nxe4 Be7 15. Rad1 f6 16. Rd3 Rg8 17. Rfd1 O-O-O 18. Nd6+ Bxd6 19. Rxd6 Kc7 20.
b4 h6 21. c4 h5 22. h4 f5 23. c5 e4 24. Bb3 f4 25. a3 e3 26. fxe3 fxe3 27. R6d3
Rg3 28. Kh2 Rg4 29. g3 e2 30. Re1 Re4 31. Bc2 Re5 32. Kg2 a5 33. Kf2 Rf8+ 34.
Rf3 Rb8 35. Rf4 Rd5 36. Bg6 e5 37. Rf7 axb4 38. axb4 Rxb4 39. Bxh5 Rxc5 40.
Bxe2 Kd6 41. h5 Rb8 42. g4 Rg8 43. h6 Be6 44. Rf6 Rc2 45. h7 Rh8 46. Rh6 Ke7
47. Ke3 Bd5 48. Ra1 Bf7 49. Ra7+ Kf8 50. g5 Rc3+ 51. Kf2 e4 52. Rf6 Rxh7 53. g6
Rch3 54. gxh7 e3+ 55. Kg2 Rxh7 56. Bc4 e2 57. Bxf7 Rh6 58. Bg6+ Kg8 59. Rxc6
1-0

[Event "MCRE_O21"]
[Site "?"]
[Date "2004.??.??"]
[Round "?"]
[White "Novak, Vaclav"]
[Black "Mateka, Petr"]
[Result "0-1"]
[WhiteElo "1860"]
[BlackElo "1970"]
[PlyCount "58"]
[EventDate "2004.??.??"]
[EventType "corr"]
[EventRounds "2"]
[SourceDate "2005.03.12"]

1. d4 Nf6 2. c4 e6 3. Nc3 Bb4 4. Qc2 O-O 5. a3 Bxc3+ 6. Qxc3 d6 7. Bg5 Nbd7 8.
e3 Re8 9. Nf3 h6 10. Bh4 Qe7 11. Be2 c5 12. O-O-O b6 13. g4 Bb7 14. Rhg1 g5 15.
Bg3 Rac8 16. h4 Ne4 17. Qc2 Nxg3 18. Rxg3 gxh4 19. Rh3 cxd4 20. Rxh4 Bxf3 21.
Rxh6 Qg5 22. Qh7+ Kf8 23. Bxf3 dxe3 24. Kb1 exf2 25. Rh2 Qe3 26. Qh8+ Ke7 27.
Qh4+ Nf6 28. Qxf2 Qxf2 29. Rxf2 Rxc4 0-1

[Event "MCRE_O21"]
[Site "?"]
[Date "2004.??.??"]
[Round "?"]
[White "Novak, Vaclav"]
[Black "Slechta, Vladimir"]
[Result "1-0"]
[WhiteElo "1860"]
[BlackElo "1923"]
[PlyCount "109"]
[EventDate "2004.??.??"]
[EventType "corr"]
[EventRounds "2"]
[SourceDate "2005.03.12"]

1. Nf3 d5 2. c4 e6 3. d4 Nf6 4. Nc3 Be7 5. Bg5 O-O 6. e3 h6 7. Bh4 b6 8. Bd3
Bb7 9. O-O dxc4 10. Bxc4 Ne4 11. Bxe7 Qxe7 12. Rc1 Nxc3 13. Rxc3 Rd8 14. Qc2
Bxf3 15. gxf3 Nd7 16. f4 Qh4 17. f3 c5 18. d5 e5 19. f5 Nf6 20. e4 Nh5 21. a3
a6 22. Qf2 Qg5+ 23. Kh1 Nf4 24. Qc2 b5 25. Ba2 c4 26. b3 cxb3 27. Bxb3 Rd6 28.
a4 b4 29. Rc7 a5 30. Rb7 Qd8 31. Qc7 Qxc7 32. Rxc7 Kf8 33. Bc4 h5 34. Rc1 h4
35. Bf1 g6 36. fxg6 Rxg6 37. Rb7 Kg7 38. Rcc7 Rf8 39. Ra7 Rb6 40. Kg1 b3 41.
Rab7 Rb8 42. Rxf7+ Kh6 43. Rf6+ Rxf6 44. Rxb8 Kg7 45. Rxb3 Rf7 46. Rb5 Ra7 47.
Kf2 Kf7 48. Ke3 Ra8 49. Rb7+ Kf6 50. Rc7 Rb8 51. Bb5 h3 52. Rc6+ Kf7 53. d6
Ng2+ 54. Kf2 Nf4 55. d7 1-0

[Event "MCRE_O21"]
[Site "?"]
[Date "2004.??.??"]
[Round "?"]
[White "Novak, Vaclav"]
[Black "Spicka, Zdenek"]
[Result "1/2-1/2"]
[WhiteElo "1860"]
[BlackElo "1800"]
[PlyCount "112"]
[EventDate "2004.??.??"]
[EventType "corr"]
[EventRounds "2"]
[SourceDate "2005.03.12"]

1. Nf3 Nf6 2. c4 e6 3. d4 b6 4. Nc3 Bb7 5. a3 d5 6. cxd5 Nxd5 7. Qc2 Nxc3 8.
bxc3 Be7 9. e4 Nd7 10. Bd3 c5 11. O-O O-O 12. Bf4 Rc8 13. Qe2 cxd4 14. cxd4 Nf6
15. Rfd1 Rc3 16. Qb2 Rc8 17. Re1 Nh5 18. Bd2 Bd6 19. a4 Nf4 20. Bxf4 Bxf4 21.
a5 f5 22. Qb3 Kh8 23. axb6 Qxb6 24. Qa4 Rc7 25. d5 Qd6 26. Qd4 e5 27. Qb2 fxe4
28. Bxe4 Bxd5 29. Red1 Rc5 30. g3 Bh6 31. Nxe5 Bg5 32. Rxa7 Bf6 33. Rd7 Qxe5
34. Qxe5 Bxe5 35. Bxd5 Rc7 36. Be4 Rxd7 37. Rxd7 Bf6 38. Kg2 Rd8 39. Rb7 Kg8
40. Kf3 Bd4 41. Ke2 Re8 42. f3 h6 43. Kd3 Rd8 44. Kc4 Bg1 45. Bd5+ Kh7 46. h3
Rc8+ 47. Kd3 Bf2 48. g4 Bg3 49. Be4+ Kg8 50. Ke3 Rc3+ 51. Kd4 Rc8 52. Kd5 Rd8+
53. Ke6 Re8+ 54. Kd7 Kf8 55. Rb2 Re7+ 56. Kc6 Rc7+ 1/2-1/2

[Event "MCRE_O21"]
[Site "?"]
[Date "2004.??.??"]
[Round "?"]
[White "Novak, Vaclav"]
[Black "Tucek, Richard"]
[Result "1-0"]
[WhiteElo "1860"]
[BlackElo "1800"]
[PlyCount "59"]
[EventDate "2004.??.??"]
[EventType "corr"]
[EventRounds "2"]
[SourceDate "2005.03.12"]

1. d4 g6 2. e4 Bg7 3. Nc3 d6 4. f4 e5 5. dxe5 dxe5 6. Qxd8+ Kxd8 7. Bc4 exf4 8.
Bxf4 Bxc3+ 9. bxc3 Nc6 10. Bxf7 Nf6 11. Rd1+ Ke7 12. Bd5 Bg4 13. Rb1 Nxd5 14.
exd5 Na5 15. Bxc7 b6 16. Rb4 Bf5 17. g4 Rae8 18. Kd2 Kd7 19. Bxb6 axb6 20. gxf5
gxf5 21. Nf3 Rhg8 22. Kd3 Kc7 23. Rhb1 Rg2 24. Rxb6 Rf2 25. Nd4 Rxh2 26. Ne6+
Kd7 27. Ra6 Rh3+ 28. Ke2 Rxc3 29. Rxa5 Rxc2+ 30. Kf3 1-0

[Event "MCRE_O21"]
[Site "?"]
[Date "2004.??.??"]
[Round "?"]
[White "Slechta, Vladimir"]
[Black "Hochman, Jan"]
[Result "1/2-1/2"]
[WhiteElo "1923"]
[BlackElo "1800"]
[PlyCount "66"]
[EventDate "2004.??.??"]
[EventType "corr"]
[EventRounds "2"]
[SourceDate "2005.03.12"]

1. d4 d5 2. c4 c6 3. Nc3 Nf6 4. cxd5 cxd5 5. Nf3 Nc6 6. g3 Bf5 7. Bg2 e6 8. O-O
Be7 9. Nh4 Be4 10. f3 Bg6 11. e3 Rc8 12. Nxg6 hxg6 13. Bd2 O-O 14. Rc1 Na5 15.
Ne2 Nc4 16. b3 Nxd2 17. Qxd2 Qd6 18. Rxc8 Rxc8 19. Rc1 Rc6 20. Rc2 Qc7 21. Rxc6
Qxc6 22. Qc3 Qxc3 23. Nxc3 Bb4 24. Ne2 Kf8 25. Kf2 Ke7 26. Nc1 g5 27. Nd3 Bd6
28. e4 dxe4 29. fxe4 e5 30. h3 Nd7 31. dxe5 Nxe5 32. Nxe5 Bxe5 33. Bf1 Kd6
1/2-1/2